| 000 | 00589nam a2200205 a 4500 | ||
|---|---|---|---|
| 001 | BRCA_7425 | ||
| 005 | 20190320205830.0 | ||
| 008 | 040413s1908----mx-a######---#000-0#spa-# | ||
| 041 | _aspa | ||
| 044 | _amx | ||
| 050 | 4 |
_aF1219.1.M5 _b.B38 1908 |
|
| 100 | 1 |
_aBatres, Leopoldo _918299 |
|
| 245 | 1 | 0 |
_aReparación y consolidación del edificio de las columnas en Mitla _cpor Leopoldo Batres. |
| 260 |
_aMéxico _bImp. de Buznego y Leon _c1908 |
||
| 300 |
_a8 p. _bil., 24 láminas |
||
| 500 | _aQ161 | ||
| 610 | 2 | 4 |
_aMitla (Oaxaca) _xAntigüedades _918300 |
| 902 | _aGFM | ||
| 942 |
_2lcc _cB |
||
| 999 |
_c7101 _d7101 |
||